El conejo en el espejo y otros cuentos para niños / (Registro nro. 7263)

Detalles MARC
000 -LIDER
fixed length control field 01171nam a2200337 a 4500
001 - NÚMERO DE CONTROL
Identificador de número de control 000000135
003 - IDENTIFICACDOR DE NÚMERO DE CONTROL
control field DO-SdBNP
005 - DATE AND TIME OF LATEST TRANSACTION
control field 20210414094206.0
007 - CAMPOS FIJOS DE DESCRIPCIÓN FÍSICA
fixed length control field 000000135
008 - ELEMENTOS DE LONGITUD FIJA
fixed length control field 090130s2006 dr a 001 0 spa d
020 ## - ISBN
International Standard Book Number 9993442569
040 ## - FUENTE DE CATALOGACIÓN
Agencia que crea de manera original el registro BPMSU
Idioma de catalogación spa
Agencia que realiza la transcripción BPMSU
082 #4 - NÚMERO DE CLASIFICACIÓN DECIMAL DE DEWEY
Classification number RD863.44
Item number P426c, 2006
Edition number
092 ## - LOCALLY ASSIGNED DEWEY DECIMAL CALL NUMBER
Número de clasificación
100 1# - ASIENTO PRINCIPAL -- NOMBRE PERSONAL
Nombre personal Peralta Romero, Rafael,
Fechas asociadas con el nombre 1948-
245 13 - MENCIÓN DE TITULO
Título El conejo en el espejo y otros cuentos para niños /
Mención de responsabilidad Rafael Peralta Romero ; ilustraciones Leonel Bello
260 ## - PUBLICACIÓN, DISTRIBUCIÓN, ETC. (PIE DE IMPRENTA)
Lugar de publicación, distribución, etc Santo Domingo :
Nombre del editor, distribuidor, etc. Dirección General de la Feria del Libro
Fecha de publicación, distribución, etc 2006
300 ## - DESCRIPCIÓN FÍSICA
Extensión 56 p. :
Otros detalles físicos ils. ;
Dimensiones 21 cm.
490 1# - MENCIÓN DE SERIES
Mención de serie Ediciones ferilibro
Volume/sequential designation 96
500 ## - NOTA GENERAL
Nota general Incluye datos biográficos del autor en la solapa de la cubierta
590 ## - NOTA LOCAL
Enlace Inventariado, 2021/VM
650 #4 - ENCABEZAMIENTO DE MATERIA--TEMÁTICO
Término temático o nombre geográfico como elemento de entrada Cuentos infantiles dominicanos
650 #4 - ENCABEZAMIENTO DE MATERIA--TEMÁTICO
Término temático o nombre geográfico como elemento de entrada Lliteratura infantil dominicna
700 ## - ASIENTO SECUNDARIO -- NOMBRE PERSONAL
Nombre personal Bello, Leonel
Mención de responsabilidad ils.
710 2# - ASIENTO SECUNDARIO -- NOMBRE CORPORATIVO
Nombre corporativo o de jurisdicción Dirección General de la Feria del Libro (República Dominicana)
830 #0 - ASIENTO SECUNDARIO DE SERIE--TÍTULO UNIFORME
Título uniforme Ediciones ferilibro
Volume number/sequential designation 96
910 ## - VALIDACIÓN
Validación VMateo
942 ## - ADDED ENTRY ELEMENTS (KOHA)
Source of classification or shelving scheme Dewey Decimal Classification
Koha item type Libros
945 ## - INFORMACIÓN DE PROCESAMIENTO LOCAL
Información de procesamiento local Inventariado infantil / 2017 VM
956 ## - LOCAL ELECTRONIC LOCATION AND ACCESS (OCLC)
Nombre de host VMATEO
Número de acceso 10
Información de compresión 20150922
Inicio de sesión BPMSU
Procesador de solicitud 0069
Existencias
Withdrawn status Lost status Source of classification or shelving scheme Damaged status Not for loan Collection code Home library Current library Date acquired Source of acquisition Full call number Barcode Date last seen Copy number Price effective from Koha item type
    Dewey Decimal Classification     Colección Infantil Dominicana Biblioteca Pública Metropolitana Salomé Ureña Biblioteca Pública Metropolitana Salomé Ureña 05/23/2017 Rafael Peralta Romero BPMSU CID RD863.44 P426c 2006 BPMSU17050012 05/23/2017 e.2 05/23/2017 Libros
    Dewey Decimal Classification     Colección Infantil Dominicana Biblioteca Pública Metropolitana Salomé Ureña Biblioteca Pública Metropolitana Salomé Ureña 05/23/2017 Rafael Peralta Romero BPMSU CDI RD863.44 P426c 2006 BPMSU21040012 04/14/2021   05/23/2017 Libros